Capital Cities: Homonyms - Statistics

General Stats
  • This quiz has been taken 81 times
  • The average score is 10 of 12
Answer Stats
Hint Country % Correct
Pope's residence Vatican City
96%
Monte Carlo casino Monaco
95%
Pyrenees principality Andorra
92%
Aztec heritage Mexico
92%
Asian city-state Singapore
89%
Famous canal Panama
88%
Grand duchy Luxembourg
85%
Horn of Africa Djibouti
84%
Mayan ruins Guatemala
82%
Oil-rich emirate Kuwait
79%
Oldest republic San Marino
79%
African island nation São Tomé and Príncipe
77%
No matching quizzes found
Score Distribution
Percent of People with Each Score
Percentile by Number Answered
Your Score History
You have not taken this quiz